USA States by Last 3 Letters - Statistics

General Stats
  • This quiz has been taken 2,880 times
  • The average score is 40 of 50
Answer Stats
No. Answer % Correct
5 California
97%
38 Pennsylvania
97%
46 Virginia
97%
48 West Virginia
97%
2 Alaska
93%
27 Nebraska
93%
1 Alabama
90%
14 Indiana
90%
18 Louisiana
90%
23 Minnesota
90%
26 Montana
90%
34 North Dakota
90%
41 South Dakota
90%
32 New York
88%
4 Arkansas
87%
9 Florida
87%
16 Kansas
87%
20 Maryland
84%
39 Rhode Island
84%
47 Washington
84%
3 Arizona
83%
33 North Carolina
83%
40 South Carolina
83%
43 Texas
83%
11 Hawaii
81%
10 Georgia
80%
19 Maine
80%
37 Oregon
78%
6 Colorado
77%
31 New Mexico
77%
13 Illinois
76%
50 Wyoming
76%
29 New Hampshire
75%
8 Delaware
74%
12 Idaho
73%
22 Michigan
73%
35 Ohio
73%
45 Vermont
73%
7 Connecticut
72%
15 Iowa
72%
17 Kentucky
72%
24 Mississippi
72%
28 Nevada
72%
30 New Jersey
72%
44 Utah
71%
42 Tennessee
69%
49 Wisconsin
68%
36 Oklahoma
66%
25 Missouri
65%
21 Massachusetts
63%
No matching quizzes found
Score Distribution
Percent of People with Each Score
Percentile by Number Answered
Your Score History
You have not taken this quiz